Anglo-russkij i russko-anglijskij slovar´ "ložnych druzej perevodčika" /
Uložené v:
| Hlavný autor: | |
|---|---|
| Médium: | Kniha |
| Jazyk: | English Russian |
| Vydané: |
Moskva :
Sovetskaja enciklopedija,
1969.
|
| Vydanie: | 1. izd. |
| ISBN: |
(viaz.) |
| Fyzický popis: |
383 s. |
| Tagy: |
Pridať tag
Žiadne tagy, Buďte prvý kto otaguje tento záznam!
|
Titul je dostupný aj v ... 

MARC
| LEADER | 00000cam a22000007a 4500 | ||
|---|---|---|---|
| 001 | 000410022 | ||
| 005 | 20130307104353.0 | ||
| 008 | 961003s1969 ru eng d | ||
| 020 | |a (viaz.) |c Kčs 14,00 | ||
| 040 | |a SVKKK |b slo |c SVKKK |e AACR2 | ||
| 041 | 0 | |a eng |a rus | |
| 044 | |a ru |c RU | ||
| 245 | 0 | 0 | |a Anglo-russkij i russko-anglijskij slovar´ "ložnych druzej perevodčika" / |c sostavili V.V. Akulenko ... [et al.]. |
| 246 | 1 | 1 | |a English-Russian and Russian-English dictionary of misleading words |
| 250 | |a 1. izd. | ||
| 260 | |a Moskva : |b Sovetskaja enciklopedija, |c 1969. | ||
| 300 | |a 383 s. | ||
| 504 | |a Obsahuje bibliografii. | ||
| 700 | 1 | |a Akulenko, Valerij Viktorovič. |4 aut | |
| 910 | |a svkkk | ||
| 998 | |a BK | ||
| 090 | |g SCKHL |k Sklad Pribinova 2. posch. |a II.175873 |j 433689 |i B281047 |s Nezvestná | ||
| 090 | |g SCKHL |k Sklad Pribinova 2. posch. |a II0.12895 |j 037489 |i B281048 |s Absenčne | ||